El valor de diversidad biológica : un enfoque holístico /
Guardado en:
| Autor Principal: | |
|---|---|
| Otros Autores: | |
| Formato: | Libro |
| Publicado: |
La Plata :
Honorable Cámara de Diputados de la Prov. de Buenos Aires,
1992
|
| Materias: | |
| Etiquetas: |
Agregar Etiqueta
Sin Etiquetas, Sea el primero en etiquetar este registro!
|
| LEADER | 00968nam a22001695a 4500 | ||
|---|---|---|---|
| 001 | CEM.cems008932 | ||
| 008 | 130507s1992##################000#0#####d | ||
| 005 | 20241216115717.0 | ||
| 245 | 1 | 0 | |a El valor de diversidad biológica : |b un enfoque holístico / |c Jorge V. Crisci, Juan J. Morrone y Analía A. Lanteri |
| 260 | |a La Plata : |b Honorable Cámara de Diputados de la Prov. de Buenos Aires, |c 1992 | ||
| 505 | 0 | |a Elementos de política ambiental / Francisco Goin, Ricardo Goñi -- Carácter y valor de la biodiversidad / Peter Raven -- La pérdida de la biodiversidad y sus causas -- Estrategias de conservación de la biodiversidad / E. O. Wilson -- Por quién doblan las campanas : la sistemática y la crisis de la biodersidad / Jorge V. Crisci, Juan J. Morrone | |
| 100 | 1 | |a Crisci, Jorge V. | |
| 700 | 1 | |a Morrone, Juan J. / Lanteri, Analia A. | |
| 082 | 0 | 4 | |a 574.5 |
| 653 | |a Biodiversidad | ||
| 653 | |a Ecología | ||
| 859 | |a CEMS |b BIB. CEMS - 11 de abril |h 574.5 |i C868 |p 108.99 |t Ej.2 | ||
